|
|
|
|
| LEADER |
00794nam a2200229 a 4500 |
| 001 |
GR-MES3461 |
| 008 |
991111s1988 nyu 000 b eng d |
| 020 |
|
|
|a 0070108102
|
| 040 |
|
|
|a GrPaTEI
|b gre
|c GR-PaULI
|
| 245 |
0 |
0 |
|a Applied hydrology.
|
| 260 |
|
|
|a New York :
|b McGraw-Hill,
|c 1988
|
| 300 |
|
|
|a xi,572σ. :
|b διαγρ.
|
| 500 |
|
|
|a Περιλαμβάνει ευρετήριο.
|
| 650 |
|
4 |
|a ΥΔΡΟΛΟΓΙΑ
|
| 700 |
1 |
|
|a Chow, V.
|
| 700 |
1 |
|
|a Maidment, D.
|
| 700 |
1 |
|
|a Mays, L.
|
| 710 |
0 |
|
|a McGraw-Hill
|
| 942 |
|
|
|2 ddc
|
| 952 |
|
|
|0 0
|1 0
|2 ddc
|4 0
|6 551_480000000000000_CHO
|7 0
|9 268043
|a MSLG
|b MSLG
|c BSC
|d 2021-01-17
|e 24
|f 0
|g 0.00
|l 0
|o 551.48 CHO
|p 2420000013452
|r 2021-01-17 00:00:00
|t 1
|w 2021-01-17
|y BK15
|x 19991111 0 1
|x GrPaTEI
|
| 971 |
|
|
|a .b25745062
|b 15-04-20
|c 13-09-16
|
| 999 |
|
|
|c 154386
|d 154386
|